[Event "7th Cattolica Open-A 2020"]
[Site "Cattolica"]
[Date "2020.09.08"]
[Round "9.6"]
[White "Alanic, Xavier"]
[Black "Palozza, Christian"]
[Result "0-1"]
[WhiteElo "2249"]
[BlackElo "2240"]
[Annotator "TA"]
[PlyCount "282"]
[EventDate "2020.08.31"]
[EventType "swiss"]
[EventCountry "ITA"]
[SourceTitle "playchess.com"]
[Source "ChessBase"]
[SourceQuality "1"]

{[%evp 20,281,-8,-10,0,0,0,0,0,0,0,-28,-48,-48,-61,-50,-10,-26,-9,-77,-58,-62,-60,-143,-134,-168,-37,-40,-43,-69,-37,-42,-44,-38,2,-50,-33,-82,-6,-89,-89,-108,-107,-114,-114,-125,-98,-407,-102,-98,-98,-104,-89,-97,0,-104,-97,-97,-82,-97,-97,-98,-89,-89,-89,-98,-89,-89,-79,-79,-74,-75,-75,-75,-52,-52,-27,-27,-27,-27,-21,-21,-21,-21,-21,-21,-8,-21,-21,-21,-21,-21,-21,-21,-21,-21,-21,-29,-29,-29,-29,-29,-21,-47,-29,-47,-47,-47,-47,-47,-29,-43,-43,-43,-43,-43,-43,-43,-43,-43,-43,-43,-43,-43,-43,-43,-43,-70,-43,-43,-43,-43,-43,-64,-43,-71,-71,-131,-71,-147,-71,-71,-8,-71,-8,-56,-8,-8,-8,-8,0,-8,-8,-8,-8,-8,-8,-8,-8,-12846,-12847,-12847,-12847,-12847,-12845,-29940,-29942,-29940,-29946,-29945,-29946,-29946,-29949,-29949,-29950,-29952,-29943,-29942,-29945,-29945,-12851,-29940,-29942,-29944,-12843,-29942,-12849,-12847,-29941,-29958,-29957,-29961,-12840,-12845,-12839,-29939,-12823,-12798,0,-12798,-12427,-6416,-4624,-937,-510,-29967,-29968,-29967,-29965,-29967,-29971,-29968,-29968,-29974,-29972,-29964,-29973,-29971,-29973,-29977,-29968,-29970,-29969,-29982,-29982,-29982,-29981,-29983,-29981,-29983,-29984,-29985,-29985,-29984,-29986,-29986,-29987,-29988,-29983,-29987,-29986,-29992,-29989,-29993,-29990,-29990,-29989,-29989,-29990,-29990,-29991,-29992,-29993,-29993,-29994,-29994,-29993,-29994,-29994,-29994,-29995,-29996,-29996,-29999]} 1. c4 e6 2. Nf3 Nf6 3. Nc3 d5 4. e3 dxc4 5. Bxc4 a6 6. a4 c5 7. d4 Nc6 8. O-O Be7 9. Ne5 cxd4 10. Nxc6 bxc6 11. exd4 a5 {D27: Queen's Gambit Accepted: Classical main line: 7 e4!? and 7 a4.} 12. Qf3 O-O 13. Rd1 Qb6 {The position is equal.} 14. b3 Ba6 15. Ne4 Nxe4 16. Qxe4 Bxc4 17. bxc4 {[#]} Qa6 $146 (17... Qb3 $5 {[%cal Rb3d1]} 18. Qe2 Rfd8 $15) ({Predecessor:} 17... Qb3 18. Qe2 Rfd8 19. Be3 Bf6 20. Qf1 h6 21. h3 Rd7 22. Rab1 Qxa4 {½-½ (74) Tazbir,M (2517)-Svane,R (2542) Germany 2016}) 18. c5 Rab8 19. Ra3 (19. Bf4 $11 {keeps the balance.} Rb4 20. Bd2) 19... Rfd8 20. Rh3 g6 $1 21. Re1 ({White should play} 21. Qf3 $15 h5 22. Bf4) 21... Qc4 $17 22. Be3 {[#]} Rd5 (22... Bxc5 $1 $19 {[%mdl 512]} 23. Qf4 (23. dxc5 Qxe4) 23... Bf8) 23. Qf4 $15 Qb4 $40 {[%cal Rb4e1][%mdl 128] White needs to defend precisely.} 24. Rf1 Bg5 25. Qc7 Qb7 26. Qxa5 Ra8 27. Qd2 (27. Qb6 $11 Qd7 28. Bxg5 Rxg5 29. Qb4) 27... Be7 28. Qc2 Qb4 (28... Bf6 $1 $17) 29. Qe4 (29. Rb1 $11 Qxa4 30. Qxa4 Rxa4 31. Rf3) 29... Bxc5 $17 30. Qc2 Bxd4 31. Qxc6 Qxa4 32. Qc1 Bxe3 33. Qxe3 $4 {[%mdl 8192]} (33. Rxe3 $17 Rad8 34. Qc3) 33... Qd4 $2 (33... Rd1 $1 $19 {[%cal Rd1f1] and Black stays clearly on top.} 34. g4 Qxg4+ 35. Rg3 Rxf1+ 36. Kxf1 Ra1+ 37. Kg2 Qd1) 34. Qh6 Qg7 35. Qf4 Qe5 36. Qh6 Qg7 37. Qf4 Rdd8 38. Rb3 Ra1 39. Rbb1 Rxb1 40. Rxb1 {[%mdl 4096] Endgame [#] KQR-KQR} Qb2 $1 {[%mdl 512]} 41. Rf1 (41. Rxb2 Rd1#) 41... Rd5 42. g3 Qe2 43. h4 Rf5 44. Qd4 e5 45. Qa1 h5 46. Qe1 Qg4 47. Qe3 Kg7 48. Re1 Qd4 49. Kg2 Qxe3 (49... Kf6 {keeps more tension.} 50. f3 g5 51. hxg5+ Rxg5 52. Qe4 Qd2+) 50. Rxe3 $11 {KR-KR} g5 51. hxg5 Kg6 52. Re4 Kxg5 53. Kf1 Kf6 54. Ke2 Rg5 55. Rh4 Kg6 56. Re4 f6 57. Kf3 Kh6 58. Rb4 Rg8 59. Ra4 Rb8 60. Kg2 Rb2 61. Ra8 Rb7 62. Rg8 Rg7 63. Rh8+ Kg5 64. Ra8 h4 65. Ra4 hxg3 66. Kxg3 Kf5+ 67. Kf3 Rb7 68. Ra3 Rh7 {( -> ...Rh3+)} 69. Ra6 Rh3+ 70. Ke2 Rb3 71. Rc6 Kg5 72. Re6 Ra3 73. Kf1 Kf5 74. Rb6 e4 75. Ke2 Ke5 76. Rb2 Kf4 77. Rc2 f5 78. Rb2 ({White should try} 78. Rc6) 78... Ra8 (78... Kg4 $142 $1 {White must now prevent ...f4.} 79. Rb4 Ra2+ 80. Kf1 f4 81. Rxe4 Kf3 $1 {[%mdl 512]}) 79. Rc2 {[#]} (79. Rb3 $142) 79... Re8 (79... Kg4 $142 $1 {Hoping for ...f4.} 80. f3+ Kg3 81. fxe4 f4 82. Rc3+ Kg2) 80. Rc4 Kg4 (80... Rb8 $17) 81. Ra4 (81. f3+ $11 Kg3 82. Rc7) 81... Re5 ({Better is} 81... f4 $17) 82. Rb4 (82. f3+ $5 Kg3 83. Ra8 $15) 82... Kf4 83. f3 Kg3 84. fxe4 f4 85. Kd3 f3 86. Rb8 f2 87. Rg8+ Kf3 88. Rf8+ Kg2 89. Kd4 $2 {[%mdl 8192] [#] White is now going downhill.} (89. Rg8+ $11 Kf1 90. Rc8) 89... Re8 $1 $19 {[%cal Re8f8][%mdl 576] Promotion} 90. Rxe8 f1=Q {KQ-KR} 91. Rg8+ Kh3 92. Rg6 Qf4 93. Kd5 Qf7+ 94. Re6 Kg4 95. Kd6 Qb7 96. Ke5 Kg5 97. Kd6 Qc8 98. Ke7 Qc7+ 99. Ke8 Qc5 (99... Qb7 $142 100. Kd8 Qf7 101. Re7 Qc4 102. e5 Qd5+ 103. Kc7 Kf5 104. Kc8 Qc6+ 105. Kd8 Kg6 106. Rd7 Qb6+ 107. Kc8 Qc5+ 108. Kb7 Kf5 109. Rh7 Qb5+ 110. Kc7 Qxe5+ 111. Kc6 Qe8+ 112. Kc5 Qf8+ 113. Kc6 Ke6 114. Rh3 Qf4 115. Rc3 Qd2 116. Rc5 Qb4 117. Rb5 Qd6+ 118. Kb7 Kd7 119. Rb6 Qf4 120. Ka6 Qa4+ 121. Kb7 Qa5 122. Rh6 Qd5+ 123. Ka7 Qd4+ 124. Ka6 Qd3+ 125. Kb7 Qe4+ 126. Ka6 Kc7 127. Ka5 Qe5+ 128. Kb4 Qf4+ {[%mdl 64] Double Attack} 129. Kc5 Qxh6 130. Kd4 Qf4+ 131. Kd3 Kc6 132. Ke2 Kc5 133. Kd3 Kb4 134. Kc2 Kc4 135. Kd1 Qf2 136. Kc1 Kc3 137. Kd1 Qf1#) 100. Kd7 Qa7+ 101. Kd6 Qb8+ (101... Qb7 $142 102. Re5+ Kg6 103. Re6+ Kf7 104. Re5 Qa6+ 105. Kd5 Qd3+ 106. Kc5 Kf6 107. Rd5 Qxe4 108. Rd4 Qf3 109. Kc4 Ke5 110. Rd2 Qf1+ 111. Kc3 Qa1+ 112. Kb3 Qb1+ 113. Kc4 Qe4+ 114. Kc3 Qc6+ 115. Kb4 Qe4+ 116. Kb3 Qe3+ 117. Kc2 Ke4 118. Rg2 Qd3+ 119. Kb2 Qd4+ 120. Kb3 Qd3+ 121. Kb2 Qd6 122. Rc2 Qb4+ 123. Ka2 Kd3 124. Rc1 Qa4+ 125. Kb2 Qb4+ 126. Ka2 Qa4+ 127. Kb2 Qb4+ 128. Ka2) 102. Kd7 Kf4 103. Ke7 Qc7+ 104. Kf6 Qh7 105. Re7 Qh8+ (105... Qg8 $142 106. Rb7 Qc8 107. Re7 Qf8+ 108. Ke6 Kxe4 109. Kd6+ Kf5 110. Kd7 Qf6 111. Rh7 Qg6 112. Re7 Qa6 113. Kd8 Qb5 114. Rc7 Ke5 115. Ke7 Qb4+ 116. Kd7 Qd6+ 117. Kc8 Ke6 118. Rb7 Qc6+ 119. Kb8 Kd6 120. Ka7 Qa4+ 121. Kb6 Qa8 122. Rg7 Qc6+ 123. Ka7 Qa4+ 124. Kb7 Qe4+ 125. Ka6 Kc6 126. Ka5 Qe5+ 127. Ka4 Qxg7 128. Kb3 Qd4 129. Ka2 Kc5 130. Ka3 Kc4 131. Ka2 Qf2+ 132. Ka3 Qh2 133. Ka4 Qa2#) 106. Kf7 Qh5+ 107. Kg7 Qc5 (107... Ke3 $142 108. Re6 Qf3 109. Re7 Kd4 110. Re6 Kc5 111. Kg8 Qg2+ 112. Kf8 Qh3 113. Kf7 Qf3+ 114. Ke8 Qf1 115. Ke7 Qf4 116. Ke8 Qc7 117. Kf8 Qh7 118. Ke8 Qg7 119. Kd8 Qf7 120. Re7 Qf6 121. e5 {[#]} Qg5 $1 {[%mdl 512]} 122. Kd7 Qg4+ 123. Kd8 Qd1+ 124. Rd7 Qa1 125. Rc7+ Kd4 126. e6 Qa8+ 127. Ke7 Qe4 128. Kd8 Qxe6 129. Rd7+ Kc5 130. Rc7+ Kb6 131. Rb7+ Ka6 132. Rc7 Qg8+ 133. Ke7 Qg7+ 134. Kd6 Qd4+ 135. Ke7 Qe5+ 136. Kd8 Kb6 137. Re7 Qd6+ 138. Ke8 Kc6 139. Rg7 Qe5+ 140. Kf7 Kd7 141. Kg6+ Ke6 142. Kh6 Qe3+ 143. Kg6 Qd3+ 144. Kg5 Qg3+ 145. Kh6 Qh3+ 146. Kg6 Qd3+ 147. Kg5 Qd8+ 148. Kg6 Qe8+ 149. Kg5 Qh8 150. Kg6 Qh4 151. Rg8 Qe4+ 152. Kg7 Ke7 153. Rb8 Qe5+ 154. Kg6 Qxb8 155. Kf5 Qb4 156. Ke5 Kf7 157. Kd5 Kf6 158. Kc6 Ke6 159. Kc7 Qb5 160. Kc8 Kd6 161. Kd8 Qd7#) 108. Re6 Qc7+ 109. Kf6 Ke3 110. Kg6 Qf4 111. Kg7 Kd4 112. Kg6 (112. Re7 $19) 112... Qf8 {Black mates.} 113. Kg5 Qf7 114. Rf6 {[#]} Qe7 $1 115. Kg6 Qxe4+ 116. Kf7 Qh7+ 117. Ke6 Ke4 118. Kd6 Qb7 119. Ke6 Qd5+ 120. Ke7 Ke5 121. Rf7 Qe6+ 122. Kf8 Qc8+ 123. Kg7 Qe8 124. Rf8 Qh5 125. Rf7 Ke6 126. Rf6+ Ke7 127. Rg6 Qh4 128. Kg8 Qh3 129. Kg7 Qh5 130. Rh6 Qf7+ 131. Kh8 Kf8 {[%csl Gf8][%cal Rf7g8]} 132. Rg6 Qf3 133. Rg8+ Kf7 {[%cal Rf3h5]} 134. Rg7+ Kf6 135. Kg8 Qh5 136. Rg1 Qe8+ 137. Kh7 Qd7+ 138. Kh8 Qc8+ 139. Kh7 Qc7+ 140. Kh8 Qb8+ 141. Rg8 Qh2# {Accuracy: White = 73%, Black = 74%.} 0-1

[Event "7th Cattolica Open-A 2020"]
[Site "Cattolica"]
[Date "2020.09.08"]
[Round "9.7"]
[White "Solomon, Kenny"]
[Black "Bifulco, Michel"]
[Result "1-0"]
[WhiteElo "2352"]
[BlackElo "2251"]
[Annotator "ChessBase"]
[PlyCount "51"]
[EventDate "2020.08.31"]
[EventType "swiss"]
[EventCountry "ITA"]
[SourceTitle "playchess.com"]
[Source "ChessBase"]
[SourceQuality "1"]
[TimeControl "5400+30"]

1. e4 {[%emt 0:05:27]} e5 {[%emt 0:00:00]} 2. Nf3 {[%emt 0:00:36]} Nc6 {[%emt 0:00:00]} 3. Bb5 {[%emt 0:00:06]} g6 {[%emt 0:00:02]} 4. O-O {[%emt 0:00:47]} Bg7 {[%emt 0:00:09]} 5. c3 {[%emt 0:00:04]} Nge7 {[%emt 0:00:10]} 6. d4 {[%emt 0:00:06]} exd4 {[%emt 0:00:06]} 7. cxd4 {[%emt 0:00:04]} a6 {[%emt 0:00:06]} 8. Ba4 {[%emt 0:00:30]} O-O {[%emt 0:00:09]} 9. d5 {[%emt 0:01:17]} Na5 {[%emt 0:00:06]} 10. Nbd2 {[%emt 0:00:10]} b5 {[%emt 0:02:04]} 11. Bc2 {[%emt 0:03:34]} d6 {[%emt 0:00:07]} 12. Nb3 {[%emt 0:04:05]} Nc4 {[%emt 1:33:01]} 13. Nbd4 {[%emt 0:16:04]} Bg4 {[%emt 0:00:00]} 14. Rb1 {[%emt 0:06:23]} Ne5 {[%emt 0:00:00]} 15. h3 {[%emt 0:04:33]} Nxf3+ 16. Nxf3 {[%emt 0:00:04]} Bd7 {[%emt 0:00:00]} 17. Re1 {[%emt 0:06:41]} Rc8 {[%emt 0:00:00]} 18. Bf4 {[%emt 0:10:09]} Re8 {[%emt 0:00:00]} 19. Qd2 {[%emt 0:01:20]} c6 {[%emt 0:00:00]} 20. dxc6 {[%emt 0:05:35]} Rxc6 {[%emt 0:00:00]} 21. Bb3 {[%emt 0:01:54]} Nc8 {[%emt 0:00:00]} 22. Bxf7+ {[%emt 0:13:09]} Kxf7 {[%emt 0:00:00]} 23. Qd5+ {[%emt 0:00:19]} Ke7 {[%emt 0:00:00]} 24. Bg5+ {[%emt 0:02:44]} Bf6 {[%emt 0:00:00]} 25. e5 {[%emt 0:00:14]} Bxg5 {[%emt 0:00:00]} 26. Nxg5 {[%emt 0:02:19]} 1-0

[Event "7th Cattolica Open-A 2020"]
[Site "Cattolica"]
[Date "2020.09.08"]
[Round "9.8"]
[White "Alanic, Mickael"]
[Black "Kasioumis, Vasilios"]
[Result "0-1"]
[WhiteElo "2306"]
[BlackElo "2356"]
[Annotator "ChessBase"]
[PlyCount "90"]
[EventDate "2020.08.31"]
[EventType "swiss"]
[EventCountry "ITA"]
[SourceTitle "playchess.com"]
[Source "ChessBase"]
[SourceQuality "1"]
[TimeControl "5400+30"]

1. e4 {[%emt 0:00:00]} c5 {[%emt 0:00:00]} 2. Nf3 {[%emt 0:00:00]} d6 {[%emt 0:00:00]} 3. d4 {[%emt 0:00:32]} cxd4 {[%emt 0:00:00]} 4. Nxd4 {[%emt 0:00:06]} Nf6 {[%emt 0:00:00]} 5. Bd3 {[%emt 0:00:07]} Nc6 {[%emt 0:00:00]} 6. Nxc6 {[%emt 0:00:07]} bxc6 {[%emt 0:00:00]} 7. c4 {[%emt 0:00:08]} g6 {[%emt 0:00:28]} 8. Nc3 {[%emt 0:00:17]} Bg7 {[%emt 0:00:31]} 9. O-O {[%emt 0:00:16]} O-O {[%emt 0:00:20]} 10. Be2 {[%emt 0:00:57]} Rb8 {[%emt 0:06:44]} 11. Rb1 {[%emt 0:01:47]} Nd7 {[%emt 0:11:28]} 12. Qc2 {[%emt 0:10:24]} c5 {[%emt 0:06:05]} 13. f4 {[%emt 0:06:18]} Bb7 {[%emt 0:08:55]} 14. Bf3 {[%emt 0:06:43]} Bc6 {[%emt 0:06:58]} 15. b3 {[%emt 0:14:25]} Re8 {[%emt 0:06:23]} 16. Be3 {[%emt 0:14:11]} Qa5 {[%emt 0:09:18]} 17. Ne2 {[%emt 0:08:05]} Rb6 {[%emt 0:00:13]} 18. Rbd1 {[%emt 0:00:41]} Qa6 {[%emt 0:00:44]} 19. g4 {[%emt 0:15:22]} Qb7 {[%emt 0:00:17]} 20. Ng3 {[%emt 0:02:38]} a5 {[%emt 0:01:03]} 21. Rd3 {[%emt 0:05:25]} a4 {[%emt 0:03:40]} 22. g5 {[%emt 0:02:10]} Rb8 {[%emt 0:02:02]} 23. Bd1 {[%emt 0:00:07]} Bxe4 {[%emt 0:04:31]} 24. Nxe4 {[%emt 0:00:12]} Qxe4 {[%emt 0:00:05]} 25. Bf3 {[%emt 0:00:07]} axb3 {[%emt 0:03:32]} 26. axb3 {[%emt 0:00:16]} Qf5 {[%emt 0:00:21]} 27. Qd1 {[%emt 0:00:32]} Nf8 {[%emt 0:01:55]} 28. Bg4 {[%emt 0:00:12]} Qe4 {[%emt 0:00:07]} 29. Bf3 {[%emt 0:01:27]} Qe6 {[%emt 0:00:06]} 30. Bg4 {[%emt 0:00:39]} f5 {[%emt 0:00:35]} 31. gxf6 {[%emt 0:00:29]} Qxf6 {[%emt 0:00:06]} 32. f5 {[%emt 0:00:13]} Ra6 {[%emt 0:04:03]} 33. Bc1 {[%emt 0:04:39]} Ra2 {[%emt 0:05:02]} 34. fxg6 {[%emt 0:03:49]} Qxg6 {[%emt 0:00:04]} 35. Rg3 {[%emt 0:00:15]} Qc2 {[%emt 0:03:36]} 36. Qd5+ {[%emt 0:01:47]} e6 {[%emt 0:02:39]} 37. Qh5 {[%emt 0:00:35]} Kh8 {[%emt 0:02:47]} 38. Bh6 {[%emt 0:01:53]} Bd4+ {[%emt 0:02:54]} 39. Kh1 {[%emt 0:00:05]} Ng6 {[%emt 0:01:58]} 40. Bd1 {[%emt 0:01:18]} Qe4+ {[%emt 0:00:29]} 41. Bf3 {[%emt 0:00:00]} Qh4 {[%emt 0:00:00]} 42. Qxh4 {[%emt 0:00:00]} Nxh4 {[%emt 0:00:00]} 43. Bg4 {[%emt 0:00:00]} Rf2 {[%emt 0:00:00]} 44. Rxf2 {[%emt 0:00:00]} Bxf2 {[%emt 0:00:00]} 45. Rh3 {[%emt 0:00:00]} Rg8 {[%emt 0:00:00]} 0-1

[Event "7th Cattolica Open-A 2020"]
[Site "Cattolica"]
[Date "2020.09.08"]
[Round "9.9"]
[White "Le Goff, Damien"]
[Black "Louis, Corentin"]
[Result "1/2-1/2"]
[WhiteElo "2281"]
[BlackElo "2053"]
[Annotator "ChessBase"]
[PlyCount "45"]
[EventDate "2020.08.31"]
[EventType "swiss"]
[EventCountry "ITA"]
[SourceTitle "playchess.com"]
[Source "ChessBase"]
[SourceQuality "1"]
[TimeControl "5400+30"]

1. e4 {[%emt 0:00:42]} c5 {[%emt 0:00:00]} 2. Nf3 {[%emt 0:00:04]} d6 {[%emt 0:00:00]} 3. Bb5+ {[%emt 0:00:10]} Bd7 {[%emt 0:00:00]} 4. Bxd7+ {[%emt 0:00:07]} Qxd7 {[%emt 0:00:08]} 5. O-O {[%emt 0:00:06]} e6 {[%emt 0:00:50]} 6. c3 {[%emt 0:00:17]} Nc6 {[%emt 1:32:02]} 7. Re1 {[%emt 0:00:23]} Nf6 {[%emt 0:00:00]} 8. d4 {[%emt 0:00:35]} cxd4 {[%emt 0:00:00]} 9. cxd4 {[%emt 0:00:06]} d5 {[%emt 0:00:00]} 10. e5 {[%emt 0:00:38]} Ne4 {[%emt 0:00:00]} 11. a3 {[%emt 0:00:45]} Be7 {[%emt 0:00:00]} 12. Nbd2 {[%emt 0:00:06]} Nxd2 {[%emt 0:00:00]} 13. Bxd2 {[%emt 0:00:03]} O-O {[%emt 0:00:00]} 14. Rc1 {[%emt 0:00:09]} Rfc8 {[%emt 0:00:00]} 15. Re3 {[%emt 0:01:01]} Nd8 {[%emt 0:00:00]} 16. Rec3 {[%emt 0:00:07]} Rxc3 {[%emt 0:00:00]} 17. Rxc3 {[%emt 0:00:11]} Rc8 {[%emt 0:00:00]} 18. Qc1 {[%emt 0:00:11]} Rxc3 {[%emt 0:00:00]} 19. Qxc3 {[%emt 0:00:10]} Qc6 {[%emt 0:00:00]} 20. Qxc6 {[%emt 0:00:06]} Nxc6 {[%emt 0:00:00]} 21. Kf1 {[%emt 0:00:11]} a5 {[%emt 0:00:00]} 22. Ke2 {[%emt 0:00:23]} a4 {[%emt 0:00:00]} 23. Kd3 {[%emt 0:00:21]} 1/2-1/2

[Event "7th Cattolica Open-A 2020"]
[Site "Cattolica"]
[Date "2020.09.08"]
[Round "9.10"]
[White "Papadiamandis, Elliot"]
[Black "Orfini, Nicolo`"]
[Result "0-1"]
[WhiteElo "2204"]
[BlackElo "2225"]
[Annotator "ChessBase"]
[PlyCount "80"]
[EventDate "2020.08.31"]
[EventType "swiss"]
[EventCountry "ITA"]
[SourceTitle "playchess.com"]
[Source "ChessBase"]
[SourceQuality "1"]
[TimeControl "5400+30"]

1. e4 {[%emt 0:00:00]} d6 {[%emt 0:00:00]} 2. d4 {[%emt 0:00:06]} Nf6 {[%emt 0:00:06]} 3. Nc3 {[%emt 0:00:01]} e5 {[%emt 0:00:00]} 4. Nf3 {[%emt 0:00:51]} Nbd7 {[%emt 0:00:00]} 5. Bc4 {[%emt 0:00:10]} Be7 {[%emt 0:00:00]} 6. O-O {[%emt 0:00:18]} O-O {[%emt 1:32:54]} 7. Re1 {[%emt 0:00:48]} c6 {[%emt 0:00:00]} 8. a4 {[%emt 1:31:46]} b6 {[%emt 0:01:00]} 9. d5 {[%emt 0:00:00]} cxd5 {[%emt 0:00:30]} 10. Bxd5 {[%emt 0:00:00]} Nxd5 {[%emt 0:00:30]} 11. Nxd5 {[%emt 0:00:00]} Nf6 {[%emt 0:00:00]} 12. Nxe7+ {[%emt 0:00:00]} Qxe7 {[%emt 0:00:00]} 13. b3 {[%emt 0:00:00]} Bb7 {[%emt 0:00:00]} 14. Bg5 {[%emt 0:00:00]} h6 {[%emt 0:00:00]} 15. Bxf6 {[%emt 0:00:00]} Qxf6 {[%emt 0:00:00]} 16. c4 {[%emt 0:00:00]} Qe6 {[%emt 0:00:00]} 17. Nh4 {[%emt 0:00:00]} g6 {[%emt 0:00:00]} 18. Qd2 {[%emt 0:00:00]} Kh7 {[%emt 0:00:00]} 19. f4 {[%emt 0:00:00]} Qf6 {[%emt 0:00:00]} 20. g3 {[%emt 0:00:00]} exf4 {[%emt 0:00:00]} 21. Qxf4 {[%emt 0:00:00]} Qxf4 {[%emt 0:00:00]} 22. gxf4 {[%emt 0:00:00]} Rae8 {[%emt 0:00:00]} 23. Rad1 {[%emt 0:00:00]} Rxe4 {[%emt 0:00:00]} 24. Rxe4 {[%emt 0:00:00]} Bxe4 {[%emt 0:00:00]} 25. Rxd6 {[%emt 0:00:00]} Bc2 {[%emt 0:00:00]} 26. b4 {[%emt 0:00:00]} Rc8 {[%emt 0:00:00]} 27. Rd7 {[%emt 0:00:00]} Kg7 {[%emt 0:00:00]} 28. Nf3 {[%emt 0:00:00]} Rxc4 {[%emt 0:00:00]} 29. Ne5 {[%emt 0:00:00]} Rxf4 {[%emt 0:00:00]} 30. Rxa7 {[%emt 0:00:00]} Bb3 {[%emt 0:00:00]} 31. Nc6 {[%emt 0:00:00]} Rc4 {[%emt 0:00:00]} 32. b5 {[%emt 0:00:00]} Rxa4 {[%emt 0:00:00]} 33. Rb7 {[%emt 0:00:00]} Ra1+ {[%emt 0:00:00]} 34. Kf2 {[%emt 0:00:00]} Ra2+ {[%emt 0:00:00]} 35. Kg3 {[%emt 0:04:53]} Bd5 {[%emt 0:00:00]} 36. Rxb6 {[%emt 0:00:09]} Rg2+ {[%emt 0:00:00]} 37. Kh3 {[%emt 0:00:19]} Rg1 {[%emt 0:00:00]} 38. Nd4 {[%emt 0:00:14]} h5 {[%emt 0:00:00]} 39. Rd6 {[%emt 0:00:14]} Bc4 {[%emt 0:00:00]} 40. Kh4 {[%emt 0:00:35]} Rg4+ {[%emt 0:00:00]} 0-1